| 000 | 00587cam a2200193 a 4500 | ||
|---|---|---|---|
| 001 | 2423111 | ||
| 005 | 20250122091840.0 | ||
| 008 | 871016s1988 mnua b 001 0 eng | ||
| 020 | _a0314286039 (pbk.) | ||
| 050 | 0 | 0 |
_aHM51 _b.C415 1988 |
| 082 | 0 | 0 |
_a301 _219 |
| 100 | 1 |
_aChalfant, H. Paul, _d1929- |
|
| 245 | 1 | 0 |
_aUnderstanding people and social life : _bintroduction to sociology / _cH. Paul Chalfant, Emily LaBeff. |
| 260 |
_aSt. Paul : _bWest Pub. Co., _cc1988. |
||
| 300 |
_axvi, 326 p. : _bill. ; _c26 cm. |
||
| 650 | 0 | _aSociology. | |
| 700 | 1 | _aLaBeff, Emily. | |
| 942 |
_2lcc _cBK _n0 |
||
| 999 |
_c2757 _d2757 |
||